• 首页
  • 本馆介绍
  • 公告通知
  • 最新文献
  • 馆藏检索
  • 电子资源
  • 读者导购
  • 参考咨询
  • 我的图书馆
  • 登录
  • 详细信息显示
  • 放入我的书架
  • 预约/预借图书
  • 作者相关作品
  • 分类相关作品
  • 丛书相关作品
  • 出版社相关作品

书目信息

  • 表格格式
  • 工作单格式
  • 卡片格式
题名:
机械知识
    
 
作者: 蔡奇 主编 ;劳动部 编写
分册:  
出版信息: 北京   中国劳动出版社  1994
页数: 184页
开本: 26cm
丛书名:
单 册:
中图分类: TH11-43
科图分类:
主题词: 机械学--技工学校--教材
电子资源:
ISBN: 7-5045-1396-2
000 00742nam0 2200253 450
001 0100465609
005 20101110100622.0
010    @a7-5045-1396-2@dCNY10.80
011    @a7-5045-1396-2
100    @a20021005d1994 em y0chiy0110 ea
101 0  @achi
102    @aCN@b110000
105    @ay z 000yy
106    @ar
200 1  @a机械知识@9Ji Xie Zhi Shi;Zhi @f蔡奇主编@g劳动部培训司组织编写@b专著
210    @a北京@c中国劳动出版社@d1994
215    @a184页@d26cm
300    @a全国技工学校电工类通用教材
606 0  @a机械学@x技工学校@x教材
690    @aTH11-43@v3
701  0 @a蔡奇@9cai qi@4主编
712 02 @a劳动部@b培训司@9lao dong bu pei xun si@4编写
801  0 @aCN@bAiZhiMarc@c19940720
905    @aBZT@dTH11-43@e4@f2@sTH11-43/4
    
    机械知识/蔡奇主编/劳动部培训司组织编写.-北京:中国劳动出版社,1994
    184页;26cm
    全国技工学校电工类通用教材
    
    ISBN 7-5045-1396-2:CNY10.80
    
●
相关链接 在五车中查询图书 在当当中查询图书 在豆瓣中查询图书


正题名:机械知识     索取号:TH11-43/4         预约/预借

序号 登录号 条形码 馆藏地/架位号 状态 备注
1 2000146480   2000146480   旧书回溯/ [索取号:TH11-43/4] 在馆    
2 2000146481   2000146481   旧书回溯/ [索取号:TH11-43/4] 在馆    
山东省滨州职业学院图书馆 欢迎您!
大连网信软件有限公司© 版权所有